[Event "Geller Memorial op-A 1st"]
[Site "Odessa"]
[Date "2005.09.20"]
[Round "6"]
[White "Mironov, Ilya"]
[Black "Peskov, Alexsey"]
[Result "1/2-1/2"]
[WhiteElo "2311"]
[BlackElo "2378"]
[PlyCount "119"]
[EventDate "2005.09.15"]
[EventType "swiss"]
[EventRounds "9"]
[EventCountry "UKR"]
[SourceTitle "CBM 108 Extra"]
[Source "ChessBase"]
[SourceDate "2005.11.04"]
[SourceVersion "1"]
[SourceVersionDate "2005.11.04"]
[SourceQuality "1"]

1. d4 d5 2. c4 e6 3. Nc3 Nf6 4. cxd5 exd5 5. Bg5 c6 6. Qc2 Be7 7. e3 Nbd7 8. Bd3 Nf8 9. Nge2 Ng6 10. 0-0-0 Ng4 11. Bxe7 Qxe7 12. Ng3 Nh4 13. Nf5 Bxf5 14. Bxf5 Nxf5 15. Qxf5 Nf6 16. Rhe1 0-0 17. f3 Rad8 18. g4 Qb4 19. h4 Ne8 20. Qc2 Qe7 21. Kb1 Nd6 22. e4 dxe4 23. fxe4 a6 24. g5 Nb5 25. Nxb5 axb5 26. d5 Rd6 27. dxc6 bxc6 28. Rxd6 Qxd6 29. Rc1 Rc8 30. h5 h6 31. e5 Qxe5 32. gxh6 Qxh5 33. hxg7 Qg6 34. Rd1 Kxg7 35. Rd3 Rh8 36. b3 Rh1+ 37. Kb2 Rg1 38. Qc3+ Qf6 39. Qxf6+ Kxf6 40. Rd6+ Ke5 41. Rxc6 Rg2+ 42. Ka3 b4+ 43. Kxb4 Re2 44. Rc8 f5 45. Rf8 f4 46. Kc5 Rc2+ 47. Kb5 Ke4 48. b4 f3 49. Ka6 Rxa2+ 50. Kb6 Ke3 51. b5 f2 52. Kc6 Rc2+ 53. Kd7 Rb2 54. Kc6 Rb1 55. b6 f1Q 56. Rxf1 Rxf1 57. b7 Rb1 58. Kc7 Kd4 59. b8Q Rxb8 60. Kxb8 1/2-1/2

[Event "Geller Memorial op-A 1st"]
[Site "Odessa"]
[Date "2005.09.18"]
[Round "4"]
[White "Mironov, Ilya"]
[Black "Kotin, Vladimir"]
[Result "1/2-1/2"]
[WhiteElo "2311"]
[BlackElo "2114"]
[PlyCount "69"]
[EventDate "2005.09.15"]
[EventType "swiss"]
[EventRounds "9"]
[EventCountry "UKR"]
[SourceTitle "CBM 108 Extra"]
[Source "ChessBase"]
[SourceDate "2005.11.04"]
[SourceVersion "1"]
[SourceVersionDate "2005.11.04"]
[SourceQuality "1"]

1. d4 d5 2. c4 Nc6 3. cxd5 Qxd5 4. e3 e5 5. Nc3 Bb4 6. Bd2 Bxc3 7. bxc3 Nf6 8. f3 0-0 9. e4 Qd6 10. d5 Ne7 11. c4 c5 12. Bd3 Ne8 13. Ne2 f5 14. Nc3 f4 15. Ke2 Qf6 16. Qg1 b6 17. a4 Nd6 18. Qf2 Bd7 19. Rhb1 Rfb8 20. Nb5 a6 21. Nxd6 Qxd6 22. Qf1 Ra7 23. Kf2 a5 24. Bc3 g5 25. Qe2 Re8 26. Qb2 Nc8 27. Be2 h5 28. h3 Re7 29. Rh1 Be8 30. Rhg1 h4 31. Ra3 Rab7 32. Rb1 Kf8 33. Qc1 Kg8 34. Rab3 Rf7 35. R1b2 1/2-1/2

[Event "Geller Memorial op-A 1st"]
[Site "Odessa"]
[Date "2005.09.17"]
[Round "3"]
[White "Volosheniuk, Alexey"]
[Black "Mironov, Ilya"]
[Result "1/2-1/2"]
[WhiteElo "2082"]
[BlackElo "2311"]
[PlyCount "126"]
[EventDate "2005.09.15"]
[EventType "swiss"]
[EventRounds "9"]
[EventCountry "UKR"]
[SourceTitle "CBM 108 Extra"]
[Source "ChessBase"]
[SourceDate "2005.11.04"]
[SourceVersion "1"]
[SourceVersionDate "2005.11.04"]
[SourceQuality "1"]

1. d4 Nf6 2. Nf3 b6 3. Bg5 Ne4 4. Bf4 e6 5. e3 Bb7 6. Be2 Be7 7. Nbd2 f5 8. 0-0 0-0 9. Nxe4 fxe4 10. Nd2 Bg5 11. Bxg5 Qxg5 12. Kh1 Rf6 13. f4 Qh4 14. Qe1 Qh6 15. g4 Qh3 16. Qg3 Qxg3 17. hxg3 h6 18. Kg2 d5 19. b4 Nd7 20. c4 c5 21. bxc5 bxc5 22. Nb3 Ba6 23. dxc5 Rc8 24. Rfc1 Nxc5 25. cxd5 Bxe2 26. Nxc5 exd5 27. Nxe4 Rfc6 28. Rxc6 Rxc6 29. Nf2 Rc2 30. g5 hxg5 31. fxg5 Kf7 32. g4 Bxg4 33. Kg3 Bf5 34. a4 Ke6 35. a5 Ke5 36. Ra3 g6 37. a6 Rc1 38. Kh2 Be4 39. Ra4 Rc4 40. Ra5 Kf5 41. Kg3 Rc3 42. Nxe4 Kxe4 43. Kf2 Rc2+ 44. Kg1 Re2 45. Rc5 Ra2 46. Rc6 Kf5 47. Rc5 Rxa6 48. Rxd5+ Ke4 49. Rd7 Kxe3 50. Rf7 Ra4 51. Kh2 a5 52. Kg3 Ra1 53. Rf6 Rg1+ 54. Kh4 Rh1+ 55. Kg4 Rg1+ 56. Kh4 a4 57. Rxg6 a3 58. Ra6 Ra1 59. Kh3 Kf4 60. g6 Rg1 61. Kh2 Rg5 62. Ra4+ Kf5 63. Ra5+ Kxg6 1/2-1/2

[Event "Geller Memorial op-A 1st"]
[Site "Odessa"]
[Date "2005.09.15"]
[Round "1"]
[White "Vysochin, Spartak"]
[Black "Mironov, Ilya"]
[Result "1-0"]
[WhiteElo "2573"]
[BlackElo "2311"]
[PlyCount "71"]
[EventDate "2005.09.15"]
[EventType "swiss"]
[EventRounds "9"]
[EventCountry "UKR"]
[SourceTitle "CBM 108 Extra"]
[Source "ChessBase"]
[SourceDate "2005.11.04"]
[SourceVersion "1"]
[SourceVersionDate "2005.11.04"]
[SourceQuality "1"]

1. e4 c5 2. c3 d5 3. exd5 Qxd5 4. d4 Nf6 5. Nf3 e6 6. Be2 cxd4 7. cxd4 Nc6 8. Nc3 Qd6 9. 0-0 Be7 10. Nb5 Qd8 11. Bf4 Nd5 12. Bg3 a6 13. Nc3 Nf6 14. Rc1 0-0 15. a3 b6 16. Bc4 Bb7 17. Ba2 Rc8 18. Re1 b5 19. Qd3 Bd6 20. Bh4 Be7 21. Bg5 Rc7 22. Bb1 g6 23. Ne5 Nxd4 24. Rcd1 Nf5 25. Qh3 Qc8 26. Bxf5 exf5 27. Qh4 Kg7 28. Bh6+ Kg8 29. Bxf8 Qxf8 30. Nd7 Rxd7 31. Rxd7 Nxd7 32. Qxe7 Nc5 33. b4 Nd3 34. Re3 Qxe7 35. Rxe7 Bc6 36. Rc7 1-0

[Event "Chrudim op"]
[Site "Chrudim"]
[Date "2004.07.11"]
[Round "7"]
[White "Mironov, Ilya"]
[Black "Volodin, Viktor Nikolaevich"]
[Result "1-0"]
[WhiteElo "2307"]
[BlackElo "2247"]
[PlyCount "51"]
[EventDate "2004.07.06"]
[EventType "swiss"]
[EventRounds "9"]
[EventCountry "CZE"]
[SourceTitle "EXT 2006"]
[Source "ChessBase"]
[SourceDate "2005.11.24"]
[SourceVersion "1"]
[SourceVersionDate "2005.11.24"]
[SourceQuality "1"]

1. d4 d5 2. c4 e6 3. Nc3 c6 4. e3 Nf6 5. Nf3 Nbd7 6. Qc2 Bd6 7. Bd3 0-0 8. 0-0 dxc4 9. Bxc4 b5 10. Be2 Bb7 11. Rd1 Qe7 12. e4 e5 13. a3 Rfe8 14. h3 a6 15. Be3 c5 16. d5 Nb6 17. a4 b4 18. Nb1 a5 19. Nbd2 Nfd7 20. Nc4 Rec8 21. Nfd2 f5 22. Bg5 Qf8 23. exf5 Bxd5 24. Ne4 Bc7 25. Nxb6 Bxe4 26. Qc4+ 1-0

[Event "Chrudim op"]
[Site "Chrudim"]
[Date "2004.07.09"]
[Round "5"]
[White "Mironov, Ilya"]
[Black "Kokes, Bohuslav"]
[Result "1-0"]
[WhiteElo "2307"]
[BlackElo "2089"]
[PlyCount "91"]
[EventDate "2004.07.06"]
[EventType "swiss"]
[EventRounds "9"]
[EventCountry "CZE"]
[SourceTitle "EXT 2006"]
[Source "ChessBase"]
[SourceDate "2005.11.24"]
[SourceVersion "1"]
[SourceVersionDate "2005.11.24"]
[SourceQuality "1"]

1. d4 d5 2. c4 c6 3. Nc3 Nf6 4. e3 a6 5. Qc2 e6 6. Nf3 Be7 7. b3 0-0 8. Bd3 Nbd7 9. a4 h6 10. 0-0 Bd6 11. h3 Re8 12. Bb2 e5 13. cxd5 cxd5 14. dxe5 Nxe5 15. Be2 Be6 16. Rad1 Rc8 17. Qb1 Nc6 18. Rc1 Qb6 19. Bd1 d4 20. exd4 Bf4 21. d5 Bxc1 22. dxe6 Bxb2 23. exf7+ Kxf7 24. Qxb2 Qb4 25. Na2 Qf4 26. b4 Kg8 27. b5 axb5 28. Qxb5 Rc7 29. Nc3 Nd4 30. Nxd4 Qxd4 31. Nd5 Qxd5 32. Bb3 Qxb3 33. Qxb3+ Kh7 34. Rd1 Rce7 35. Kh2 Rc7 36. Qb6 Rce7 37. Rc1 Ra8 38. Rc7 Ra6 39. Qb1+ Kg8 40. Rc8+ Kf7 41. Rb8 Ra7 42. Qb6 Ra6 43. Qb3+ Kg6 44. Qb1+ Kf7 45. Rxb7 Rxa4 46. Qb3+ 1-0

[Event "Chrudim op"]
[Site "Chrudim"]
[Date "2004.07.08"]
[Round "4"]
[White "Mejzlik, Vojtech"]
[Black "Mironov, Ilya"]
[Result "1/2-1/2"]
[WhiteElo "2097"]
[BlackElo "2307"]
[PlyCount "114"]
[EventDate "2004.07.06"]
[EventType "swiss"]
[EventRounds "9"]
[EventCountry "CZE"]
[SourceTitle "EXT 2006"]
[Source "ChessBase"]
[SourceDate "2005.11.24"]
[SourceVersion "1"]
[SourceVersionDate "2005.11.24"]
[SourceQuality "1"]

1. c4 b6 2. Nc3 Bb7 3. e4 c5 4. d3 g6 5. g3 Bg7 6. Bg2 Nc6 7. Nge2 d6 8. 0-0 Nf6 9. f4 0-0 10. h3 Ne8 11. g4 Nc7 12. Be3 Ne6 13. Qd2 Ned4 14. Rad1 a6 15. f5 b5 16. Nd5 Rb8 17. Nxd4 Nxd4 18. Bh6 bxc4 19. Bxg7 Kxg7 20. dxc4 f6 21. Nf4 Bc8 22. b3 g5 23. Ne2 Nxe2+ 24. Qxe2 a5 25. h4 h6 26. hxg5 hxg5 27. Qe3 Qb6 28. Rf3 Bb7 29. Kf2 Rh8 30. Rh1 Rxh1 31. Bxh1 Rh8 32. Rh3 Rxh3 33. Qxh3 Qb4 34. Qd3 a4 35. Bf3 Qa3 36. Qb1 Qb4 37. Qc2 Ba6 38. Be2 Bb7 39. Bf3 Bc6 40. Bg2 Qa3 41. e5 Bxg2 42. exf6+ Kxf6 43. Kxg2 axb3 44. Qc3+ Kf7 45. axb3 Qa8+ 46. Kg3 Qh1 47. Qf3 Qe1+ 48. Kg2 Qd2+ 49. Qf2 Qxf2+ 50. Kxf2 Kf6 51. Kf3 Ke5 52. Ke3 d5 53. cxd5 Kxd5 54. Kd3 Ke5 55. Ke3 Kf6 56. Kd3 Ke5 57. Ke3 Kd5 1/2-1/2

[Event "Chrudim op"]
[Site "Chrudim"]
[Date "2004.07.07"]
[Round "2"]
[White "Mironov, Ilya"]
[Black "Gutdeutsch, Otto"]
[Result "1-0"]
[WhiteElo "2307"]
[BlackElo "2116"]
[PlyCount "65"]
[EventDate "2004.07.06"]
[EventType "swiss"]
[EventRounds "9"]
[EventCountry "CZE"]
[SourceTitle "EXT 2006"]
[Source "ChessBase"]
[SourceDate "2005.11.24"]
[SourceVersion "1"]
[SourceVersionDate "2005.11.24"]
[SourceQuality "1"]

1. d4 Nf6 2. c4 e5 3. dxe5 Ne4 4. Nd2 Bb4 5. Ngf3 Nc6 6. h3 Nxd2 7. Bxd2 Bxd2+ 8. Qxd2 Qe7 9. Qc3 0-0 10. Rd1 Re8 11. Rd5 b6 12. e3 Bb7 13. Be2 Nd8 14. Rd2 Nc6 15. 0-0 Rad8 16. Rd5 Nb8 17. Rc1 Rc8 18. Bd3 Bxd5 19. cxd5 d6 20. Bf5 Rcd8 21. e6 f6 22. h4 g6 23. Bd3 Rc8 24. Nd4 a5 25. h5 Qg7 26. Nb5 Re7 27. Nxd6 Rd8 28. Nf7 Rxd5 29. h6 Qf8 30. Qxf6 Rxf7 31. exf7+ Qxf7 32. Qxf7+ Kxf7 33. Bc4 1-0

[Event "Karvina op"]
[Site "Karvina"]
[Date "2002.??.??"]
[Round "4.8"]
[White "Belunek, Vladimir"]
[Black "Mironov, Ilya"]
[Result "1/2-1/2"]
[WhiteElo "2368"]
[BlackElo "2293"]
[PlyCount "88"]
[EventDate "2002.06.25"]
[EventType "swiss"]
[EventRounds "9"]
[EventCountry "CZE"]
[SourceTitle "EXT 2003"]
[Source "ChessBase"]
[SourceDate "2002.11.25"]
[SourceVersion "1"]
[SourceVersionDate "2002.11.25"]
[SourceQuality "1"]

1. d4 Nf6 2. Nf3 e6 3. Bg5 h6 4. Bh4 c5 5. e3 Be7 6. Nbd2 b6 7. c3 Bb7 8. Bd3 cxd4 9. cxd4 Nc6 10. a3 0-0 11. 0-0 Nh5 12. Bxe7 Qxe7 13. Qe2 Rac8 14. Rfc1 d6 15. b4 Rc7 16. Rc2 Rfc8 17. Rac1 Nf6 18. e4 e5 19. d5 Nb8 20. Nf1 Rxc2 21. Rxc2 Qd8 22. Ne3 Rxc2 23. Qxc2 g6 24. Nd2 Qc8 25. Qxc8+ Bxc8 26. Bb5 Bd7 27. Bxd7 Nbxd7 28. Kf1 Kf8 29. Ke2 Ke7 30. Kd3 h5 31. h4 Ne8 32. Nb1 Ng7 33. Nc3 a6 34. f3 Ne8 35. g4 Nef6 36. Ne2 Kf8 37. Ng3 hxg4 38. fxg4 Kg7 39. g5 Ne8 40. Nc4 f6 41. Nd2 fxg5 42. hxg5 Kf7 43. Ne2 Ke7 44. Kc4 Ng7 1/2-1/2

[Event "Karvina op"]
[Site "Karvina"]
[Date "2002.??.??"]
[Round "8.13"]
[White "Mironov, Ilya"]
[Black "Kubos, Rostislav"]
[Result "1/2-1/2"]
[WhiteElo "2293"]
[BlackElo "2201"]
[PlyCount "140"]
[EventDate "2002.06.25"]
[EventType "swiss"]
[EventRounds "9"]
[EventCountry "CZE"]
[SourceTitle "EXT 2003"]
[Source "ChessBase"]
[SourceDate "2002.11.25"]
[SourceVersion "1"]
[SourceVersionDate "2002.11.25"]
[SourceQuality "1"]

1. d4 Nf6 2. c4 e6 3. Nf3 c5 4. d5 d6 5. Nc3 exd5 6. cxd5 g6 7. e4 Bg7 8. h3 0-0 9. Bd3 Na6 10. 0-0 Nc7 11. Re1 a6 12. a4 Nd7 13. Bf4 Ne5 14. Nxe5 Bxe5 15. Bxe5 dxe5 16. a5 Ne8 17. Qd2 Bd7 18. Na4 Bxa4 19. Rxa4 Nd6 20. Qe3 Qe8 21. b3 Rc8 22. Ra2 Qe7 23. Rc2 Rc7 24. Rec1 Rfc8 25. Qd2 f6 26. Qe3 Nf7 27. h4 Kg7 28. g3 Nd6 29. Kh2 c4 30. Qb6 c3 31. Qb4 Qe8 32. Rxc3 Rxc3 33. Rxc3 Rxc3 34. Qxc3 Qc8 35. Qxc8 Nxc8 36. g4 g5 37. b4 Nd6 38. Kg3 Nb5 39. Kf3 Kf7 40. hxg5 fxg5 41. Ke3 Ke7 42. Kd2 h6 43. Kc2 Kd7 44. Bc4 Kc7 45. Kb3 Kd7 46. Bd3 Kc7 47. Ka4 Nc3+ 48. Ka3 Nb5+ 49. Kb3 Kd7 50. Bc2 Kc7 51. Kc4 Na3+ 52. Kd3 Nb5 53. Bd1 Nd6 54. Ba4 b5 55. axb6+ Kxb6 56. Bc6 Nb5 57. Be8 Nd6 58. Bd7 Nb5 59. Be8 Nd6 60. Ba4 Nb5 61. Bc2 Nd6 62. Kc3 Nb5+ 63. Kc4 Nd6+ 64. Kb3 Nb5 65. Bd3 Nd6 66. b5 a5 67. Kc3 Nb7 68. Kb3 Nd6 69. Kc3 Nf7 70. Kb3 Nd6 1/2-1/2

[Event "Brno Duras BVK op-A"]
[Site "Brno"]
[Date "2002.??.??"]
[Round "2"]
[White "Mironov, Ilya"]
[Black "Meszaros, Ludek"]
[Result "1-0"]
[WhiteElo "2291"]
[BlackElo "2231"]
[PlyCount "75"]
[EventDate "2002.??.??"]
[EventType "swiss"]
[EventRounds "9"]
[EventCountry "CZE"]
[SourceTitle "EXT 2006"]
[Source "ChessBase"]
[SourceDate "2005.11.24"]
[SourceVersion "1"]
[SourceVersionDate "2005.11.24"]
[SourceQuality "1"]

1. d4 Nf6 2. c4 g6 3. Nc3 Bg7 4. e4 d6 5. Nf3 0-0 6. h3 e5 7. d5 a5 8. Bg5 Na6 9. g4 Nc5 10. Nd2 Qd7 11. Rg1 Ne8 12. h4 c6 13. h5 Nc7 14. Nb3 cxd5 15. Nxc5 dxc5 16. cxd5 Qd6 17. Qd2 Bd7 18. 0-0-0 b5 19. Be7 Qxe7 20. d6 Qh4 21. dxc7 Bxg4 22. Rxg4 Qxg4 23. Bxb5 Qxh5 24. Qd7 Qg5+ 25. Kb1 h5 26. Bc6 Rac8 27. Bb7 Rxc7 28. Qxc7 h4 29. Qxc5 h3 30. Qe3 Qe7 31. Bd5 Qb4 32. a3 Qe7 33. Qxh3 Rb8 34. Ka2 Bf8 35. Rg1 Qf6 36. Rg3 Qb6 37. Na4 Qd6 38. Rf3 1-0

[Event "Brno Duras BVK op-A"]
[Site "Brno"]
[Date "2002.??.??"]
[Round "7"]
[White "Sakovich, Igor"]
[Black "Mironov, Ilya"]
[Result "1/2-1/2"]
[WhiteElo "2311"]
[BlackElo "2291"]
[PlyCount "33"]
[EventDate "2002.??.??"]
[EventType "swiss"]
[EventRounds "9"]
[EventCountry "CZE"]
[SourceTitle "EXT 2006"]
[Source "ChessBase"]
[SourceDate "2005.11.24"]
[SourceVersion "1"]
[SourceVersionDate "2005.11.24"]
[SourceQuality "1"]

1. d4 Nf6 2. Nf3 e6 3. Bg5 h6 4. Bh4 c5 5. e3 b6 6. Nbd2 Be7 7. Bd3 Bb7 8. 0-0 0-0 9. c3 cxd4 10. cxd4 Nc6 11. a3 d5 12. b4 Ne4 13. Bxe7 Nxe7 14. Rc1 Qd6 15. Qb3 Rfc8 16. Qb2 Qd8 17. Rxc8 1/2-1/2

[Event "Karvina op"]
[Site "Karvina"]
[Date "2002.??.??"]
[Round "7.10"]
[White "Zimniok, Lubomir"]
[Black "Mironov, Ilya"]
[Result "1-0"]
[WhiteElo "2170"]
[BlackElo "2293"]
[PlyCount "71"]
[EventDate "2002.06.25"]
[EventType "swiss"]
[EventRounds "9"]
[EventCountry "CZE"]
[SourceTitle "EXT 2003"]
[Source "ChessBase"]
[SourceDate "2002.11.25"]
[SourceVersion "1"]
[SourceVersionDate "2002.11.25"]
[SourceQuality "1"]

1. e4 c5 2. Nf3 d6 3. d4 cxd4 4. Nxd4 Nf6 5. Nc3 a6 6. Bc4 e6 7. Bb3 Be7 8. Be3 0-0 9. g4 Nc6 10. g5 Nd7 11. g6 hxg6 12. h4 Nf6 13. h5 gxh5 14. Rxh5 Nxh5 15. Qxh5 g6 16. Qh6 Nxd4 17. 0-0-0 Nxb3+ 18. axb3 Bf6 19. Rh1 Re8 20. e5 Bxe5 21. Ne4 d5 22. Qh7+ Kf8 23. Bh6+ Ke7 24. Bg5+ Kf8 25. Bxd8 Rxd8 26. Qh4 Bd7 27. Nf6 Kg7 28. Nh7 Rh8 29. f4 Bd4 30. c3 Be3+ 31. Kb1 Rxh7 32. Qxh7+ Kf6 33. Qh4+ Kg7 34. Qg5 Bc6 35. Qe5+ f6 36. Qc7+ 1-0

[Event "Trinec op"]
[Site "Trinec"]
[Date "2001.12.31"]
[Round "7"]
[White "Luch, Michal"]
[Black "Mironov, Ilya"]
[Result "0-1"]
[WhiteElo "2130"]
[BlackElo "2268"]
[PlyCount "58"]
[EventDate "2001.12.27"]
[EventType "swiss"]
[EventRounds "9"]
[EventCountry "CZE"]
[SourceTitle "EXT 2003"]
[Source "ChessBase"]
[SourceDate "2002.11.25"]
[SourceVersion "1"]
[SourceVersionDate "2002.11.25"]
[SourceQuality "1"]

1. e4 c5 2. Nf3 d6 3. d4 cxd4 4. Nxd4 Nf6 5. Nc3 a6 6. f3 e6 7. Be3 b5 8. g4 Nfd7 9. Qd2 Nb6 10. 0-0-0 Bb7 11. Qf2 N8d7 12. Kb1 Rc8 13. Bd3 Rxc3 14. bxc3 Qc7 15. Nb3 Na4 16. Bd2 Be7 17. g5 0-0 18. h4 d5 19. h5 Ne5 20. g6 fxg6 21. hxg6 hxg6 22. Nd4 Nxc3+ 23. Bxc3 Qxc3 24. Nxe6 Nxf3 25. Nxf8 Ba3 26. Rh8+ Kxh8 27. Nxg6+ Kg8 28. Ne7+ Kf7 29. Qxf3+ Kxe7 0-1

[Event "Trinec op"]
[Site "Trinec"]
[Date "2001.12.28"]
[Round "3"]
[White "Mironov, Ilya"]
[Black "Bukowska, Katarzyna"]
[Result "1-0"]
[WhiteElo "2268"]
[BlackElo "2010"]
[PlyCount "109"]
[EventDate "2001.12.27"]
[EventType "swiss"]
[EventRounds "9"]
[EventCountry "CZE"]
[SourceTitle "EXT 2003"]
[Source "ChessBase"]
[SourceDate "2002.11.25"]
[SourceVersion "1"]
[SourceVersionDate "2002.11.25"]
[SourceQuality "1"]

1. d4 d5 2. c4 e6 3. Nc3 Nf6 4. cxd5 exd5 5. Bg5 Be7 6. e3 0-0 7. Bd3 Nbd7 8. Nge2 Re8 9. Qc2 c6 10. 0-0 Nf8 11. a3 Ng4 12. Bxe7 Qxe7 13. h3 Nf6 14. Ng3 Bd7 15. b4 Rac8 16. Qb3 Qd6 17. Rac1 Ng6 18. Na4 b6 19. Bf5 Nh4 20. Bxd7 Qxd7 21. Nc3 Qd6 22. Nce2 Ne4 23. Nxe4 Rxe4 24. Rc3 Re7 25. Rfc1 Rec7 26. Qc2 Qg6 27. Qxg6 Nxg6 28. h4 Ne7 29. Nf4 Kf8 30. g4 h6 31. Kg2 Ke8 32. h5 Kd7 33. Nd3 Kd6 34. Kg3 g6 35. Ne5 Ke6 36. hxg6 fxg6 37. Rh1 Rh8 38. f4 Rcc8 39. Rhc1 Kf6 40. Nxc6 Nxc6 41. Rxc6+ Rxc6 42. Rxc6+ Kf7 43. Rc7+ Kf6 44. Rxa7 Rc8 45. Rb7 Rc3 46. Rxb6+ Kf7 47. a4 Rxe3+ 48. Kf2 Re4 49. a5 Rxf4+ 50. Kg3 Rxd4 51. a6 Rd3+ 52. Kf4 Ra3 53. Ke5 h5 54. Rb7+ Ke8 55. a7 1-0

[Event "Karvina op"]
[Site "Karvina"]
[Date "2001.07.02"]
[Round "3"]
[White "Hasangatin, Ramil"]
[Black "Mironov, Ilya"]
[Result "1-0"]
[WhiteElo "2463"]
[BlackElo "2280"]
[PlyCount "121"]
[EventDate "2001.06.30"]
[EventType "swiss"]
[EventRounds "9"]
[EventCountry "CZE"]
[SourceTitle "EXT 2002"]
[Source "ChessBase"]
[SourceDate "2001.11.25"]
[SourceVersion "1"]
[SourceVersionDate "2001.11.25"]
[SourceQuality "1"]

1. e4 c5 2. Nf3 d6 3. Bb5+ Nd7 4. d4 Ngf6 5. Nc3 cxd4 6. Qxd4 e5 7. Qd3 h6 8. Nd2 Be7 9. Nc4 0-0 10. Be3 Qc7 11. 0-0 Nc5 12. Bxc5 Qxc5 13. Ne3 Be6 14. Rfd1 Rac8 15. Ba4 Ng4 16. Nxg4 Bxg4 17. Re1 Be6 18. Bb3 a6 19. Re2 Kh8 20. Kh1 b5 21. Rd1 Bg4 22. f3 Be6 23. Rf1 Rb8 24. Nd1 a5 25. Ne3 a4 26. Bd5 Bg5 27. Rd1 g6 28. c3 Rfc8 29. a3 Rd8 30. Nc2 Bxd5 31. Qxd5 Qxd5 32. Rxd5 Be7 33. Nb4 Rdc8 34. g3 Kg7 35. Kg2 Rc4 36. f4 exf4 37. gxf4 Bf8 38. Kf3 Rcc8 39. Rd4 Re8 40. Nd5 Rbc8 41. c4 Rxc4 42. Rxc4 bxc4 43. Rc2 Rb8 44. Nc3 Rb3 45. Ke3 f5 46. exf5 gxf5 47. Kd4 Kf7 48. Kxc4 Bg7 49. Nxa4 Rf3 50. b4 Rxa3 51. Nb6 Bf6 52. Nd5 Bd8 53. Re2 Ra1 54. Kb5 Rc1 55. Re3 h5 56. h3 Bh4 57. Rc3 Rb1 58. Kc6 Be1 59. Rc4 Rb3 60. b5 Bf2 61. Rc3 1-0

[Event "Suwalki op-A"]
[Site "Suwalki"]
[Date "2000.??.??"]
[Round "?"]
[White "Mironov, Ilya"]
[Black "Bukowski, Wojciech"]
[Result "1-0"]
[WhiteElo "2325"]
[BlackElo "2075"]
[PlyCount "67"]
[EventDate "2000.08.??"]
[EventType "swiss"]
[EventRounds "10"]
[EventCountry "POL"]
[SourceTitle "EXT 2003"]
[Source "ChessBase"]
[SourceDate "2002.11.25"]
[SourceVersion "1"]
[SourceVersionDate "2002.11.25"]
[SourceQuality "1"]

1. d4 Nf6 2. c4 e6 3. Nf3 d5 4. Nc3 Nbd7 5. cxd5 exd5 6. Bg5 h6 7. Bh4 Be7 8. e3 0-0 9. Bd3 b6 10. 0-0 Bb7 11. Qc2 c5 12. Rad1 Rc8 13. dxc5 Rxc5 14. Qb1 Qa8 15. Nd4 Re8 16. Bb5 a6 17. Bxf6 axb5 18. Bxe7 Rxe7 19. Ncxb5 Ba6 20. a4 Bxb5 21. axb5 Qa4 22. b3 Qa8 23. Nc6 Re6 24. b4 Rxb5 25. Nd4 Qa4 26. Nxb5 Qxb5 27. Rd4 Nf6 28. Rc1 g6 29. Qd3 Qd7 30. Qc3 Qb5 31. h3 h5 32. Qc8+ Ne8 33. Qa8 Re5 34. Rcd1 1-0

[Event "Suwalki op-A"]
[Site "Suwalki"]
[Date "2000.??.??"]
[Round "?"]
[White "Mironov, Ilya"]
[Black "Grycel, Kamil"]
[Result "1/2-1/2"]
[WhiteElo "2325"]
[BlackElo "2250"]
[PlyCount "92"]
[EventDate "2000.08.??"]
[EventType "swiss"]
[EventRounds "10"]
[EventCountry "POL"]
[SourceTitle "EXT 2003"]
[Source "ChessBase"]
[SourceDate "2002.11.25"]
[SourceVersion "1"]
[SourceVersionDate "2002.11.25"]
[SourceQuality "1"]

1. d4 Nf6 2. c4 e6 3. Nf3 b6 4. g3 Ba6 5. Nbd2 Bb7 6. Bg2 c5 7. e4 cxd4 8. 0-0 d6 9. Nxd4 a6 10. b4 Qc7 11. Bb2 Be7 12. Qe2 0-0 13. Rfc1 Nbd7 14. a4 Rac8 15. N4b3 a5 16. c5 dxc5 17. bxa5 bxa5 18. Nc4 Ba6 19. Qc2 Ng4 20. Nbxa5 Nge5 21. f4 Nxc4 22. Nxc4 Nb8 23. Qc3 Bf6 24. e5 Be7 25. Nd6 Rcd8 26. Qxc5 Qxc5+ 27. Rxc5 Bxd6 28. exd6 Rxd6 29. Rg5 f6 30. Ba3 Rd2 31. Bxf8 fxg5 32. Bb4 Rb2 33. Ba3 Rb3 34. fxg5 Nd7 35. Bd6 Rd3 36. Bb4 Rb3 37. Bd2 Rb2 38. Bc3 Rc2 39. Be1 Nc5 40. Bf2 Nd3 41. Bd4 Nc1 42. Bb6 Ne2+ 43. Kh1 Kf7 44. Rd1 Ke7 45. a5 e5 46. Bd8+ Ke6 1/2-1/2

[Event "RUS-Cup"]
[Site "Minsk"]
[Date "2000.??.??"]
[Round "2"]
[White "Mironov, Ilya"]
[Black "Lastin, Alexander"]
[Result "0-1"]
[WhiteElo "2262"]
[BlackElo "2510"]
[PlyCount "90"]
[EventDate "2000.??.??"]
[EventType "swiss"]
[EventRounds "9"]
[EventCountry "BLR"]
[SourceTitle "EXT 2001"]
[Source "ChessBase"]
[SourceDate "2000.11.22"]
[SourceVersion "1"]
[SourceVersionDate "2000.11.22"]
[SourceQuality "1"]

1. d4 d5 2. c4 e6 3. Nc3 c6 4. e3 Nf6 5. Nf3 Nbd7 6. Qc2 Bd6 7. Bd3 0-0 8. 0-0 dxc4 9. Bxc4 b5 10. Be2 Bb7 11. Rd1 Qc7 12. b3 a6 13. Ne4 Nxe4 14. Qxe4 c5 15. Qh4 cxd4 16. Nxd4 Be5 17. Bb2 Rfd8 18. Rac1 Qb6 19. Bd3 h6 20. Qh5 Bf6 21. Bb1 Rac8 22. Rxc8 Rxc8 23. Qe2 Nc5 24. e4 Qc7 25. Re1 Nd7 26. Nf3 Qc5 27. h3 Qb4 28. Rc1 Rxc1+ 29. Bxc1 Qc3 30. Qc2 Nc5 31. Qxc3 Bxc3 32. Bd2 Bb2 33. e5 Nd7 34. Bf4 g5 35. Bg3 Nc5 36. h4 Be4 37. Bxe4 Nxe4 38. hxg5 hxg5 39. Bh2 Kg7 40. Kf1 Kg6 41. Ne1 Nc3 42. Nd3 Ba3 43. f3 Nxa2 44. Bg1 Nc1 45. Nxc1 Bxc1 0-1

[Event "Suwalki op-A"]
[Site "Suwalki"]
[Date "2000.??.??"]
[Round "?"]
[White "Mironov, Ilya"]
[Black "Veremeichik, Vladimir"]
[Result "0-1"]
[WhiteElo "2325"]
[BlackElo "2385"]
[PlyCount "37"]
[EventDate "2000.08.??"]
[EventType "swiss"]
[EventRounds "10"]
[EventCountry "POL"]
[SourceTitle "EXT 2003"]
[Source "ChessBase"]
[SourceDate "2002.11.25"]
[SourceVersion "1"]
[SourceVersionDate "2002.11.25"]
[SourceQuality "1"]

1. d4 f5 2. e4 fxe4 3. Nc3 Nf6 4. f3 d5 5. fxe4 dxe4 6. Bg5 Bf5 7. Bc4 Nc6 8. Nge2 e6 9. 0-0 Be7 10. Qd2 Ng4 11. Bxe7 Qxe7 12. Ng3 Nxd4 13. Ncxe4 0-0-0 14. Qa5 Kb8 15. Rad1 Nxc2 16. Rxd8+ Rxd8 17. Nc5 Qd6 18. Bb5 b6 19. Nxe6 0-1

[Event "RUS-Cup"]
[Site "Minsk"]
[Date "2000.??.??"]
[Round "1"]
[White "Zakharevich, Igor"]
[Black "Mironov, Ilya"]
[Result "1/2-1/2"]
[WhiteElo "2486"]
[BlackElo "2262"]
[PlyCount "34"]
[EventDate "2000.??.??"]
[EventType "swiss"]
[EventRounds "9"]
[EventCountry "BLR"]
[SourceTitle "EXT 2001"]
[Source "ChessBase"]
[SourceDate "2000.11.22"]
[SourceVersion "1"]
[SourceVersionDate "2000.11.22"]
[SourceQuality "1"]

1. d4 Nf6 2. c4 e6 3. Nf3 b6 4. Nc3 Bb7 5. a3 d5 6. Qc2 Nbd7 7. cxd5 Nxd5 8. Bg5 Be7 9. Bxe7 Kxe7 10. g3 N7f6 11. Rc1 c6 12. Bh3 Qd6 13. 0-0 Rhe8 14. b4 Bc8 15. Bg2 Bd7 16. Ne5 Kf8 17. Nxd7+ Qxd7 1/2-1/2